| 000 | 00480nam a2200193Ia 4500 | ||
|---|---|---|---|
| 005 | 20250423100006.0 | ||
| 008 | 250422s9999 xx 000 0 und d | ||
| 020 | _a9780470654545 | ||
| 050 | _aRC 952 .N53/ | ||
| 100 | _aNicholl, Claire | ||
| 245 | 0 | _aLecture notes. Elderly care medicine | |
| 250 | _a8th ed | ||
| 260 | _aIndia | ||
| 260 | _bWilly & Sons Ltd | ||
| 260 | _c2012 | ||
| 300 | _a249 p | ||
| 650 | _a Geriatrics--Outlines, syllabi, etc. | ||
| 942 | _cBK | ||
| 999 |
_c31961 _d31961 |
||